Tradição, Revolução e Pós-Modernidade.

সংরক্ষণ করুন:
গ্রন্থ-পঞ্জীর বিবরন
প্রধান লেখক: Montejano, Bernardino (autor)
অন্যান্য লেখক: Castellano, Danilo (autor), Albisú, Delia María (autor), Cantero, Estanislau (autor), Lamas, Félix Adolfo (autor), Britto de Castro, Fernando Jorge (autor), Gentile, Francesco (autor), Penteado, Jaques de Camargo (autor), Widow, Juan Antonio (autor), Ossandón Valdés, Juan Carlos (autor), Vallet de Goytisolo, Juan (autor), Ayuso Torres, Miguel (edición), Dip, Ricardo (organização)
বিন্যাস: গ্রন্থ
ভাষা:স্প্যানিশ
পর্তুগীজ
প্রকাশিত: Campinas, Brasil: Millennium, 2001.
বিষয়গুলি:
ট্যাগগুলো: ট্যাগ যুক্ত করুন
কোনো ট্যাগ নেই, প্রথমজন হিসাবে ট্যাগ করুন!

MARC

LEADER 00000nam a2200000 a 4500
001 UCN7760
003 CL-VaPUC
005 20250313110308.0
008 011026e20010000BL |||||||||||||||||spa|d
999 |c 297966  |d 297964 
020 |a 84-86833-35-5 
040 |c Pontificia Universidad Católica de Valparaíso 
041 0 7 |a spa  |2 CL-VaPUC 
041 0 7 |a por  |2 CL-VaPUC 
082 0 4 |a 320.5 MON 2001  |2 21 
100 |a Montejano, Bernardino  |e autor  |9 560671 
245 1 0 |a Tradição, Revolução e Pós-Modernidade. 
260 |a Campinas, Brasil:  |b Millennium,  |c 2001. 
300 |a XVI, 413 páginas. 
500 |a c.4 Donación Familia Prof. Alejandro Guzmán Brito. 
583 |a last modification  |c 20011026 00:00:00  |k Rodrigo Vera 
650 0 |a Ideologías políticas   |9 255735 
650 0 |a Filosofía política  |9 295215 
650 0 |a Costumbres y tradiciones   |9 268292 
650 0 |a Constitucionalismo  |9 341373 
650 0 |a Filosofía cristiana   |9 265980 
650 0 |a Totalitarismo  |9 255261 
700 |a Castellano, Danilo  |e autor  |9 463822 
700 0 |a Albisú, Delia María  |e autor  |9 463823 
700 0 |a Cantero, Estanislau  |e autor  |9 463824 
700 |a Lamas, Félix Adolfo  |e autor  |9 463825 
700 0 |a Britto de Castro, Fernando Jorge  |e autor  |9 463826 
700 |a Gentile, Francesco  |e autor  |9 463827 
700 0 |a Penteado, Jaques de Camargo  |e autor  |9 463828 
700 0 |a Widow, Juan Antonio  |e autor  |9 463829 
700 |a Ossandón Valdés, Juan Carlos  |e autor  |9 468448 
700 0 |a Vallet de Goytisolo, Juan  |e autor  |9 463831 
700 |a Ayuso Torres, Miguel  |e edición   |9 463832 
700 0 |a Dip, Ricardo  |e organização  |9 865891 
942 |c BK  |2 ddc  |n 0 
945 |d 20011026 00:00:00  |a cmena 
952 |0 0  |1 0  |4 0  |6 320_500000000000000_MON_2001  |7 0  |8 A  |9 353042  |a BIBEDU  |b BIBEDU  |d 2019-11-21  |i 3749096  |o 320.5 MON 2001  |p 3749096  |r 2019-11-21  |w 2019-11-21  |y BK  |k BME 
952 |0 0  |1 0  |4 0  |6 320_500000000000000_MON_2001  |7 0  |8 A  |9 353043  |a BIBEDU  |b BIBEDU  |d 2019-11-21  |i 3758508  |o 320.5 MON 2001  |p 3758508  |r 2019-11-21  |w 2019-11-21  |y BK  |k FIL 
952 |0 0  |1 0  |4 0  |6 320_500000000000000_MON_2001  |7 0  |8 A  |9 353044  |a BIBDER  |b BIBDER  |d 2019-11-21  |i 3779084  |o 320.5 MON 2001  |p 3779084  |r 2023-01-25  |w 2019-11-21  |y BK  |k DER 
952 |0 0  |1 0  |2 ddc  |4 0  |6 320_500000000000000_MON_2001  |7 1  |8 C_AGB  |9 580662  |a BIBDER  |b BIBDER  |d 2022-01-19  |e Donación   |i 5640091  |o 320.5 MON 2001  |p 5640091  |r 2023-01-25  |t 4  |w 2022-01-19  |y BK_US  |k AGB